Statistics for Miami Heat 2016-17 Roster

Click here to take the quiz!

General Stats

  • This quiz has been taken 245 times
    (139 since last reset)
  • The average score is 9 of 16

Answer Stats

NbrPostPlayer% Correct
7PGGoran Dragic
87%
40CUdonis Haslem
87%
21CHassan Whiteside
84%
15PFOkaro White
81%
-Head CoachErik Spoelstra
73%
16PFJames Johnson
63%
8PGTyler Johnson
63%
0SGJosh Richardson
59%
20SFJustise Winslow
59%
11SGDion Waiters
56%
2SGWayne Ellington
41%
17SGRodney McGruder
34%
4PFJosh McRoberts
27%
22PFDerrick Williams
24%
5SFLuke Babbitt
24%
35CWillie Reed
23%

Score Distribution

Percentile by Number Answered

Percent of People with Each Score

Your Score History

You have not taken this quiz since the last reset